| 000 | 00420nam a2200157Ia 4500 | ||
|---|---|---|---|
| 008 | 140609s9999 xx 000 0 und d | ||
| 020 | _a9789712726576 | ||
| 050 |
_aPL 6061.4 _b.P415 2012 |
||
| 100 | _aPerez, Tony. | ||
| 245 |
_aSi Crispin / _cTony Perez, |
||
| 260 |
_aManila, Philippines : _bAnvil Publishing, _cc2012. |
||
| 300 |
_a143 p. _bill. ; _c21 cm. |
||
| 521 | _aGE | ||
| 942 |
_kLOC _cBK |
||
| 999 |
_c118258 _d118258 |
||